Score 0/75 Timer 12:00
0 Plays Today
% Correct
Kami Tomberlain
97.9%
Jeff Rosado
68.8%
Craig Ellegood
68.8%
Justin Li
60.4%
Susan Rocha
58.3%
James Gilmore
58.3%
Boys Basketball
56.3%
Wes Morse
54.2%
Greg Merrick
54.2%
Wes Morse
54.2%
Boys Track
54.2%
Alexandra Tang
50%
Jaime Garvey
45.8%
Girls Soccer
45.8%
Cary Matsuoka
43.8%
Chris Oswald
41.7%
Daniel Cao
41.7%
Katie Boyle
41.7%
Boys Water Polo
41.7%
Stacey Stebbins
39.6%
Kyle Fitzpatrick
39.6%
Melanie Boyle
39.6%
Melanie Boyle
39.6%
Boys Soccer
39.6%
Terence Tang
37.5%
Barbara Nunes
29.2%
Jason Heskett
29.2%
Jackie Himan
27.1%
Eric Paulson
25%
Terri Hannigan
25%
Michele Avvakumovits
25%
Carol Irish
25%
Cordelia Jiang
22.9%
Joseph Chung
22.9%
Bob Sartwell
22.9%
Chris Moore
20.8%
Philip Chang
20.8%
Philip Chang
20.8%
% Correct
Mary Paek
18.8%
Kristin Kakes
16.7%
Nadia Basilio
16.7%
Bill Boggie
16.7%
Mike Shanahan
16.7%
Evelyn Bachelor
14.6%
Bryan Emmert
14.6%
Bryan Emmert
14.6%
Markus Mao
14.6%
Peggy Kahn
12.5%
Katie Kao
12.5%
Harry Bettencourt
12.5%
Katie Kao
12.5%
Lois Cornell
12.5%
Jay Braun
10.4%
Grace Yoon
10.4%
Derrik Jarvis
10.4%
Grace Yoon
10.4%
Audrey Zuro
10.4%
Jim Silva
8.3%
Michelle Spencer
8.3%
Al Diaz
8.3%
David Warren
8.3%
Blake Warren
8.3%
Carl Bohley
8.3%
Norm Eliason
8.3%
Syd Bercher
6.3%
Martin Alvarez
6.3%
Bill Hyland
6.3%
Liz Kilduff
6.3%
Ryo Kubuzono
4.2%
Amanda Schablaske
2.1%
Chris Downey
2.1%
Natalie Leonard
0%
Sumika Shiokawa
0%
Kim Lankford
0%
Winston Ventura
0%
Remove Ads.
Support Sporcle.
Get the best of Sporcle when you Go Orange. This ad-free experience offers more features, more stats, and more fun while also helping to support Sporcle. Thank you for becoming a member.

You're not logged in!

Compare scores with friends on all Sporcle quizzes.
OR
Log In

Show Comments

Extras

Created Oct 18, 2010ReportNominate
Tags:last

Top Quizzes Today


Score Distribution

Your Account Isn't Verified!

In order to create a playlist on Sporcle, you need to verify the email address you used during registration. Go to your Sporcle Settings to finish the process.

Report this User

Report this user for behavior that violates our Community Guidelines.

Details: